000 00410nam a2200121 a 4500
008 120416s9999 ||||||||||||||||| || u
050 _aTHESIS
100 _aSinkala, Michael
245 1 0 _aPerformance appraisal at the Copperbelt University
260 _a2000
350 _a0.00
995 _D0.00
_FCBU-MAIN LIBRARY (Kitwe)
_H1
_I0.00
_UAVAILABLE
_ZUniversity Collection
999 _c53337
_d53337